[Event "FRA-ch op-A"]
[Site "Pau"]
[Date "2012.08.18"]
[Round "5"]
[White "Devallee, Jeremie"]
[Black "Coustance, Kevin"]
[Result "0-1"]
[WhiteElo "2106"]
[BlackElo "2054"]
[PlyCount "116"]
[EventDate "2012.08.14"]
[EventType "swiss"]
[EventRounds "11"]
[EventCountry "FRA"]
[SourceTitle "CBM 150 Extra"]
[Source "ChessBase"]
[SourceDate "2012.10.19"]
[SourceVersion "1"]
[SourceVersionDate "2012.10.19"]
[SourceQuality "1"]

1. e4 c5 2. d4 cxd4 3. c3 Nf6 4. e5 Nd5 5. cxd4 Nc6 6. Nc3 Nxc3 7. bxc3 d6 8. f4 dxe5 9. fxe5 Bf5 10. Nf3 e6 11. Bd3 Bxd3 12. Qxd3 Be7 13. 0-0 0-0 14. Bd2 Rc8 15. Rae1 Na5 16. Re4 Nc4 17. Bc1 b5 18. Rg4 f6 19. Bh6 Rf7 20. exf6 Bxf6 21. Qe2 e5 22. dxe5 Nxe5 23. Nxe5 Bxe5 24. Qxe5 Rxf1+ 25. Kxf1 Qd1+ 26. Qe1 Qxg4 27. Be3 Qc4+ 28. Kg1 Qxc3 29. Bd2 Qc4 30. h3 b4 31. Bxb4 Qc1 32. Qxc1 Rxc1+ 33. Kh2 Rc2 34. a3 Kf7 35. Kg3 Ke6 36. Kf3 Kd5 37. h4 Kc4 38. h5 Kb5 39. Bf8 Rc7 40. Ke4 Rf7 41. Bd6 a5 42. g3 Rf6 43. Be5 Re6 44. Kd5 Rxe5+ 45. Kxe5 Ka4 46. Ke6 Kxa3 47. Kf7 a4 48. Kxg7 Kb4 49. Kxh7 a3 50. h6 a2 51. Kg8 a1Q 52. h7 Qa8+ 53. Kg7 Qb7+ 54. Kg8 Qd5+ 55. Kg7 Qg5+ 56. Kf7 Qh6 57. Kg8 Qg6+ 58. Kh8 Qf7 0-1

[Event "FRA-ch op-A"]
[Site "Pau"]
[Date "2012.08.16"]
[Round "3"]
[White "Najart, David"]
[Black "Coustance, Kevin"]
[Result "1-0"]
[WhiteElo "2109"]
[BlackElo "2054"]
[PlyCount "141"]
[EventDate "2012.08.14"]
[EventType "swiss"]
[EventRounds "11"]
[EventCountry "FRA"]
[SourceTitle "CBM 150 Extra"]
[Source "ChessBase"]
[SourceDate "2012.10.19"]
[SourceVersion "1"]
[SourceVersionDate "2012.10.19"]
[SourceQuality "1"]

1. c4 c5 2. Nf3 Nc6 3. Nc3 g6 4. e3 Bg7 5. d4 cxd4 6. exd4 d6 7. d5 Nb8 8. Nd4 Nf6 9. Be2 0-0 10. 0-0 a6 11. Bg5 h6 12. Be3 Kh7 13. h3 e5 14. dxe6 fxe6 15. Qd2 Nc6 16. Rad1 d5 17. Nb3 dxc4 18. Qc1 Qc7 19. Bxc4 b5 20. Be2 e5 21. Bc5 Rd8 22. Qe3 Rb8 23. Rxd8 Nxd8 24. Rd1 Nf7 25. Rc1 Be6 26. Ba7 Ra8 27. Nxb5 Qd7 28. Nc5 Qe7 29. Nxe6 axb5 30. Nc7 Rc8 31. Nxb5 Nd5 32. Qd2 Rxc1+ 33. Qxc1 Nf4 34. Bf1 Qg5 35. Kh1 Qf5 36. Be3 Ng5 37. Nc3 Nge6 38. a4 g5 39. Qd2 e4 40. Kh2 Be5 41. g3 Ng6 42. Bg2 Nef4 43. Bxe4 Qxh3+ 44. Kg1 Qg4 45. Bxg6+ Nxg6 46. Qd1 Qh3 47. Qf3 Kg7 48. Qg2 Qc8 49. a5 Qd8 50. Qb7+ Kh8 51. a6 Bxc3 52. bxc3 Qd1+ 53. Kg2 Nh4+ 54. Kh3 Nf3 55. Bd4+ Nxd4 56. cxd4 Qf1+ 57. Kg4 Qe2+ 58. Kf5 Qxf2+ 59. Kg6 Qc2+ 60. Kxh6 Qh2+ 61. Kg6 Qc2+ 62. Kxg5 Qd2+ 63. Kf5 Qf2+ 64. Ke6 Qe3+ 65. Kd5 Qg5+ 66. Kc6 Qf6+ 67. Kc7 Qe7+ 68. Kb8 Qd6+ 69. Qc7 Qb4+ 70. Kc8 Qxd4 71. Qd8+ 1-0

[Event "FRA-ch op-A"]
[Site "Pau"]
[Date "2008.08.21"]
[Round "9"]
[White "Coustance, Kevin"]
[Black "Chizelle, Bernard"]
[Result "1-0"]
[WhiteElo "2034"]
[BlackElo "1960"]
[PlyCount "123"]
[EventDate "2008.08.11"]
[EventType "swiss"]
[EventRounds "9"]
[EventCountry "FRA"]
[SourceTitle "CBM 126 Extra"]
[Source "ChessBase"]
[SourceDate "2008.11.05"]
[SourceVersion "1"]
[SourceVersionDate "2008.11.05"]
[SourceQuality "1"]

1. e4 c5 2. Nf3 d6 3. d4 cxd4 4. Nxd4 Nf6 5. Nc3 a6 6. Be2 e5 7. Nb3 Be6 8. 0-0 Nbd7 9. Be3 Rc8 10. f3 h5 11. Qe1 Be7 12. Rd1 h4 13. Kh1 Nh5 14. Kg1 g5 15. Nd5 Bxd5 16. Rxd5 Rxc2 17. Bd3 Rc7 18. Be2 Nf4 19. Rd2 Qc8 20. Qf2 Rc2 21. Rfd1 Rxd2 22. Rxd2 Nf6 23. Rc2 Qd7 24. Bf1 0-0 25. g3 hxg3 26. hxg3 Ne6 27. Qd2 d5 28. Bxg5 Nxe4 29. fxe4 Bxg5 30. Qxd5 Qxd5 31. exd5 Be3+ 32. Kg2 Nd4 33. Nxd4 Bxd4 34. Rc7 b5 35. b3 Rb8 36. Bd3 Rb6 37. g4 Kg7 38. Kf3 Rh6 39. Bf5 Kf8 40. Ke4 Ke8 41. Rc8+ Ke7 42. Rc7+ Ke8 43. Rd7 Rf6 44. Rb7 Rh6 45. Bd7+ Kd8 46. Kf5 Rb6 47. Bc6 Rxb7 48. Bxb7 Kc7 49. Bxa6 Kb6 50. Bc8 Kc7 51. Be6 fxe6+ 52. dxe6 Kd8 53. a4 bxa4 54. bxa4 Ke7 55. a5 Ba7 56. Kxe5 Be3 57. a6 Bf2 58. Kf5 Bd4 59. g5 Kf8 60. Kg6 Ke7 61. Kh7 Kxe6 62. g6 1-0

[Event "FRA-ch op-A"]
[Site "Pau"]
[Date "2008.08.17"]
[Round "6"]
[White "Cheron, Stephane"]
[Black "Coustance, Kevin"]
[Result "0-1"]
[WhiteElo "1990"]
[BlackElo "2034"]
[PlyCount "60"]
[EventDate "2008.08.11"]
[EventType "swiss"]
[EventRounds "9"]
[EventCountry "FRA"]
[SourceTitle "CBM 126 Extra"]
[Source "ChessBase"]
[SourceDate "2008.11.05"]
[SourceVersion "1"]
[SourceVersionDate "2008.11.05"]
[SourceQuality "1"]

1. e4 c5 2. Nf3 d6 3. d4 cxd4 4. Nxd4 Nf6 5. Nc3 a6 6. Be2 e5 7. Nb3 Be7 8. Bg5 0-0 9. Qd2 Be6 10. 0-0-0 Nbd7 11. f3 b5 12. Be3 Nb6 13. Bxb6 Qxb6 14. Nd5 Nxd5 15. exd5 Bd7 16. Bd3 a5 17. Qe1 a4 18. Na1 a3 19. b3 f5 20. Qb4 Rfc8 21. g4 Bf6 22. Bxf5 Bxf5 23. gxf5 e4 24. Kb1 exf3 25. c4 Qd8 26. cxb5 Bxa1 27. Kxa1 Qf6+ 28. Rd4 Rc5 29. Rhd1 f2 30. Qd2 Rac8 0-1

[Event "Pau op"]
[Site "Pau"]
[Date "2007.11.??"]
[Round "5"]
[White "Bissieres, Mathieu"]
[Black "Coustance, Kevin"]
[Result "1-0"]
[WhiteElo "2254"]
[BlackElo "1998"]
[PlyCount "63"]
[EventDate "2007.11.??"]
[EventType "swiss"]
[EventRounds "5"]
[EventCountry "FRA"]
[SourceTitle "CBM 121 Extra"]
[Source "ChessBase"]
[SourceDate "2008.01.10"]
[SourceVersion "1"]
[SourceVersionDate "2008.01.10"]
[SourceQuality "1"]

1. d3 c5 2. Nf3 Nc6 3. e4 g6 4. Nbd2 Bg7 5. Be2 e6 6. 0-0 Nge7 7. c3 0-0 8. Qc2 d6 9. Re1 Rb8 10. Nf1 b5 11. Be3 h6 12. d4 c4 13. Qd2 Kh7 14. d5 exd5 15. exd5 Ne5 16. Nxe5 dxe5 17. Bxa7 Rb7 18. Bc5 Re8 19. d6 Nc6 20. Bf3 Bd7 21. Bd5 f5 22. b3 cxb3 23. axb3 Qc8 24. b4 Be6 25. Ra6 Bxd5 26. Qxd5 Nb8 27. Ra8 Qd7 28. Rea1 Rf8 29. R1a7 Rf7 30. Rxb8 Rxa7 31. Bxa7 Qxa7 32. Rxb5 1-0

[Event "Pau op"]
[Site "Pau"]
[Date "2007.11.??"]
[Round "2"]
[White "Fejzovski, Ekrem"]
[Black "Coustance, Kevin"]
[Result "1/2-1/2"]
[WhiteElo "2173"]
[BlackElo "1998"]
[PlyCount "31"]
[EventDate "2007.11.??"]
[EventType "swiss"]
[EventRounds "5"]
[EventCountry "FRA"]
[SourceTitle "CBM 121 Extra"]
[Source "ChessBase"]
[SourceDate "2008.01.10"]
[SourceVersion "1"]
[SourceVersionDate "2008.01.10"]
[SourceQuality "1"]

1. d4 c5 2. d5 Nf6 3. c4 d6 4. Nc3 e5 5. e4 Be7 6. h3 0-0 7. Bd3 Ne8 8. Nge2 g6 9. 0-0 Ng7 10. f4 exf4 11. Bxf4 Bg5 12. Bh2 Qe7 13. a3 Nd7 14. b4 b6 15. Qc2 Ne5 16. Rae1 1/2-1/2

[Event "FRA-ch U14"]
[Site "Le Grand Bornand"]
[Date "2007.04.14"]
[Round "8"]
[White "Coustance, Kevin"]
[Black "Divine, Armand"]
[Result "0-1"]
[WhiteElo "1953"]
[BlackElo "1881"]
[PlyCount "102"]
[EventDate "2007.04.07"]
[EventType "swiss"]
[EventRounds "9"]
[EventCountry "FRA"]
[SourceTitle "CBM 118 Extra"]
[Source "ChessBase"]
[SourceDate "2007.07.04"]
[SourceVersion "1"]
[SourceVersionDate "2007.07.04"]
[SourceQuality "1"]

1. e4 c5 2. d4 cxd4 3. c3 Nf6 4. e5 Nd5 5. cxd4 e6 6. Bc4 Nb6 7. Bb3 d6 8. Nf3 dxe5 9. Nxe5 Be7 10. 0-0 0-0 11. Nc3 Nc6 12. Nxc6 bxc6 13. Bc2 Qc7 14. Qd3 g6 15. Qf3 Rd8 16. Rd1 Bb7 17. Bf4 Qd7 18. Ne4 Qd5 19. Bb3 Qf5 20. Ng3 Qb5 21. Ne4 Qf5 22. g4 Qb5 23. a4 Qa5 24. Bd2 Qa6 25. Ng5 Rf8 26. Qh3 Bxg5 27. Bxg5 Nd7 28. Rac1 Qb6 29. Rc3 Rfe8 30. Qh6 f6 31. Bf4 c5 32. Rh3 Re7 33. Re1 Nf8 34. d5 c4 35. d6 Qc6 36. f3 Rf7 37. Bc2 Qb6+ 38. Kg2 Qxb2 39. Re2 Bc6 40. g5 Bxa4 41. Bd1 Qa3 42. Bxa4 Qxa4 43. gxf6 Re8 44. Rg3 e5 45. Bxe5 Qb5 46. Qf4 c3 47. Rg5 Qxe2+ 48. Kg3 Qe1+ 49. Kh3 Ne6 50. Rxg6+ hxg6 51. Qg4 Qf1+ 0-1

[Event "FRA-chT2 South 0607"]
[Site "France"]
[Date "2007.04.01"]
[Round "11.7"]
[White "Coustance, Kevin"]
[Black "Oliveira, Sancho"]
[Result "0-1"]
[WhiteElo "2001"]
[BlackElo "2218"]
[PlyCount "96"]
[EventDate "2006.10.15"]
[EventType "team"]
[EventRounds "11"]
[EventCountry "FRA"]
[SourceTitle "EXT 2008"]
[Source "ChessBase"]
[SourceDate "2007.11.25"]
[SourceVersion "1"]
[SourceVersionDate "2007.11.25"]
[SourceQuality "1"]
[WhiteTeam "Pau Henri IV"]
[BlackTeam "Nice"]
[WhiteTeamCountry "FRA"]
[BlackTeamCountry "FRA"]

1. e4 d6 2. Nf3 Nf6 3. Nc3 g6 4. Bc4 Bg7 5. 0-0 0-0 6. d4 Nxe4 7. Nxe4 d5 8. Bxd5 Qxd5 9. Nc3 Qh5 10. Bf4 Bg4 11. Bxc7 Nc6 12. Ne2 Bxf3 13. gxf3 Qxf3 14. c3 Rac8 15. Bg3 e5 16. dxe5 Nxe5 17. Nd4 Qxd1 18. Raxd1 Nc4 19. b3 Nb6 20. c4 a6 21. Rd2 Rfe8 22. Rfd1 h6 23. Kf1 Be5 24. Bxe5 Rxe5 25. Nf3 Rf5 26. Rd8+ Kg7 27. Rxc8 Nxc8 28. Rd8 Rxf3 29. Rxc8 Rf6 30. c5 b6 31. Ke2 bxc5 32. Rxc5 Rd6 33. Rc3 Kf6 34. Rd3 Rc6 35. Kd2 Ke5 36. Rc3 Rd6+ 37. Rd3 Rf6 38. Ke3 g5 39. f3 Rc6 40. b4 Rc2 41. Rd2 Rxd2 42. Kxd2 Kd4 43. f4 Kc4 44. f5 Kxb4 45. Ke3 Kc5 46. Ke4 f6 47. a3 h5 48. h3 Kc4 0-1

[Event "FRA-chT2 South 0607"]
[Site "France"]
[Date "2007.02.11"]
[Round "7.7"]
[White "Coustance, Kevin"]
[Black "Rodriguez, Angel"]
[Result "1-0"]
[WhiteElo "2001"]
[BlackElo "2131"]
[PlyCount "71"]
[EventDate "2006.10.15"]
[EventType "team"]
[EventRounds "11"]
[EventCountry "FRA"]
[SourceTitle "EXT 2008"]
[Source "ChessBase"]
[SourceDate "2007.11.25"]
[SourceVersion "1"]
[SourceVersionDate "2007.11.25"]
[SourceQuality "1"]
[WhiteTeam "Pau Henri IV"]
[BlackTeam "Toulouse"]
[WhiteTeamCountry "FRA"]
[BlackTeamCountry "FRA"]

1. c4 f5 2. g3 Nf6 3. Bg2 g6 4. e3 Bg7 5. Ne2 0-0 6. 0-0 d6 7. Nbc3 e5 8. b4 c6 9. Rb1 Be6 10. d3 d5 11. c5 Nbd7 12. d4 e4 13. b5 g5 14. Bd2 Nh5 15. Qa4 Rf6 16. bxc6 bxc6 17. Qxc6 Rc8 18. Qa6 f4 19. exf4 gxf4 20. Bxf4 Nxf4 21. Nxf4 Bf7 22. Qe2 Rxf4 23. gxf4 Bxd4 24. Qg4+ Kh8 25. Ne2 Nf6 26. Qg5 Bxc5 27. Rb7 Be7 28. Bh3 Rc7 29. Rxc7 Qxc7 30. Rc1 Qd6 31. Rc8+ Ng8 32. Qe5+ Qxe5 33. fxe5 Kg7 34. Nd4 Nh6 35. Rc7 Bd8 36. Ne6+ 1-0

[Event "FRA-chT2 South 0607"]
[Site "France"]
[Date "2006.12.10"]
[Round "4.7"]
[White "Coustance, Kevin"]
[Black "Fournier, Camille"]
[Result "1-0"]
[WhiteElo "2015"]
[BlackElo "2091"]
[PlyCount "79"]
[EventDate "2006.10.15"]
[EventType "team"]
[EventRounds "11"]
[EventCountry "FRA"]
[SourceTitle "EXT 2008"]
[Source "ChessBase"]
[SourceDate "2007.11.25"]
[SourceVersion "1"]
[SourceVersionDate "2007.11.25"]
[SourceQuality "1"]
[WhiteTeam "Pau Henri IV"]
[BlackTeam "Condom"]
[WhiteTeamCountry "FRA"]
[BlackTeamCountry "FRA"]

1. c4 e6 2. g3 d5 3. d4 Nf6 4. Bg2 Be7 5. Nf3 0-0 6. 0-0 dxc4 7. Nbd2 c5 8. Nxc4 Nc6 9. dxc5 Bxc5 10. Bf4 Nd5 11. Qc1 Nxf4 12. Qxf4 Qe7 13. Rfd1 f6 14. Nd6 Kh8 15. Ne4 e5 16. Qh4 Bb6 17. Rac1 Bf5 18. Nd6 Bg6 19. Bh3 Nd4 20. Nxd4 exd4 21. Nc8 Raxc8 22. Rxc8 Rxc8 23. Bxc8 Qxe2 24. Qg4 Bh5 25. Qxe2 Bxe2 26. Rd2 Bf3 27. Bf5 g6 28. Bd3 f5 29. Kf1 Kg7 30. Be2 Be4 31. f4 Kf6 32. Bd3 Ke6 33. Ke2 h6 34. Rc2 Bc6 35. b4 a6 36. Bxa6 Be4 37. Bd3 Bg2 38. Rc8 Ba7 39. a4 Bc6 40. a5 1-0

[Event "FRA-chT U20"]
[Site "Pau"]
[Date "2005.12.19"]
[Round "5"]
[White "Guilleux, Fabien"]
[Black "Coustance, Kevin"]
[Result "0-1"]
[WhiteElo "1983"]
[BlackElo "2140"]
[PlyCount "106"]
[EventDate "2005.12.??"]
[EventType "team"]
[EventRounds "11"]
[EventCountry "FRA"]
[SourceTitle "EXT 2007"]
[Source "ChessBase"]
[SourceDate "2006.11.23"]
[SourceVersion "1"]
[SourceVersionDate "2006.11.23"]
[SourceQuality "1"]
[WhiteTeam "Creteil"]
[BlackTeam "Pau"]
[WhiteTeamCountry "FRA"]
[BlackTeamCountry "FRA"]

1. e4 c5 2. Nf3 Nc6 3. d4 cxd4 4. Nxd4 g6 5. Nc3 Bg7 6. Be3 Nf6 7. Bc4 Ne5 8. Be2 d5 9. Bb5+ Kf8 10. Nde2 a6 11. Ba4 Nc4 12. Bc1 Qa5 13. exd5 Ne4 14. Qd3 Nxc3 15. Nxc3 b5 16. Bb3 Bf5 17. Qf3 Nd6 18. 0-0 b4 19. Ne2 Be4 20. Qf4 Rc8 21. Qd2 Qc5 22. c3 Nc4 23. Bxc4 Qxc4 24. cxb4 Bxd5 25. Nc3 Bc6 26. Qe2 Qxb4 27. Qxa6 Bb7 28. Qb5 Bxc3 29. Bh6+ Kg8 30. Qxb4 Bxb4 31. Rac1 f6 32. Rxc8+ Bxc8 33. Rc1 Kf7 34. h4 Be6 35. a3 Bd6 36. g3 Rc8 37. Rxc8 Bxc8 38. Kf1 Be6 39. Ke2 Bb3 40. Be3 Be5 41. Bc1 h5 42. Kd3 f5 43. Ke2 Ke6 44. Kf1 Kd5 45. Kg2 Ke4 46. f3+ Kd3 47. Kh3 Kc2 48. Bg5 e6 49. g4 Bc4 50. Kg2 hxg4 51. fxg4 fxg4 52. b4 Bb5 53. Kf2 g3+ 0-1

[Event "FRA-chT U20"]
[Site "Pau"]
[Date "2005.12.18"]
[Round "4"]
[White "Coustance, Kevin"]
[Black "Delorme, Axel"]
[Result "0-1"]
[WhiteElo "2140"]
[BlackElo "2208"]
[PlyCount "42"]
[EventDate "2005.12.??"]
[EventType "team"]
[EventRounds "11"]
[EventCountry "FRA"]
[SourceTitle "EXT 2007"]
[Source "ChessBase"]
[SourceDate "2006.11.23"]
[SourceVersion "1"]
[SourceVersionDate "2006.11.23"]
[SourceQuality "1"]
[WhiteTeam "Pau"]
[BlackTeam "Clichy"]
[WhiteTeamCountry "FRA"]
[BlackTeamCountry "FRA"]

1. c4 c6 2. g3 Nf6 3. Bg2 d5 4. d4 dxc4 5. Nf3 g6 6. 0-0 Bg7 7. Nbd2 Be6 8. Qc2 b5 9. a4 h6 10. axb5 cxb5 11. Nh4 Bd5 12. e4 Bb7 13. e5 Bxg2 14. Kxg2 Qd5+ 15. Kg1 Nfd7 16. b3 c3 17. Qxc3 0-0 18. Ndf3 Nc6 19. Ng2 g5 20. Ne3 Qxf3 21. Qd3 Rfc8 0-1

[Event "FRA-chT U20 0506"]
[Site "France"]
[Date "2005.11.13"]
[Round "2.2"]
[White "Huertas, Guillaume"]
[Black "Coustance, Kevin"]
[Result "0-1"]
[WhiteElo "2004"]
[BlackElo "2140"]
[PlyCount "108"]
[EventDate "2005.11.12"]
[EventType "team"]
[EventRounds "3"]
[EventCountry "FRA"]
[SourceTitle "CBM 109 Extra"]
[Source "ChessBase"]
[SourceDate "2006.01.03"]
[SourceVersion "2"]
[SourceVersionDate "2006.01.03"]
[SourceQuality "1"]

1. d4 c5 2. d5 Nf6 3. c4 e5 4. Nc3 d6 5. e4 Be7 6. Nf3 0-0 7. Be2 Ne8 8. Qc2 Nd7 9. 0-0 g6 10. Ne1 Ng7 11. f4 f5 12. Bd3 a6 13. g3 Kh8 14. Nf3 Bf6 15. Ne2 Qe7 16. Rb1 b5 17. b3 Bb7 18. fxe5 Nxe5 19. Nxe5 Bxe5 20. Bf4 fxe4 21. Bxe4 Rae8 22. Bxe5 Qxe5 23. Rxf8+ Rxf8 24. Re1 Bc8 25. Kg2 Qf6 26. Nf4 g5 27. Nd3 h5 28. Qf2 Bf5 29. Bxf5 Nxf5 30. Qb2 Nd4 31. Nf2 Qf3+ 32. Kg1 h4 33. Nh1 h3 34. Qf2 Qxf2+ 35. Nxf2 Nf3+ 36. Kf1 Nxe1 37. Kxe1 Kg7 38. Ke2 Kg6 39. Ne4 Rd8 40. g4 bxc4 41. bxc4 Rb8 42. Kf3 Rb2 43. Kg3 Rxa2 44. Kxh3 a5 45. Nxd6 Ra3+ 46. Kg2 Rc3 47. Nb7 a4 48. d6 a3 49. d7 Rd3 50. Nxc5 Rd2+ 51. Kf3 a2 52. Nb3 Rxd7 53. Ke2 Rb7 54. Na1 Rb1 0-1

[Event "FRA-chT U20 0506"]
[Site "France"]
[Date "2005.11.12"]
[Round "1.1"]
[White "Coustance, Kevin"]
[Black "Vuillermoz, Robert"]
[Result "0-1"]
[WhiteElo "2140"]
[BlackElo "2037"]
[PlyCount "78"]
[EventDate "2005.11.12"]
[EventType "team"]
[EventRounds "3"]
[EventCountry "FRA"]
[SourceTitle "CBM 109 Extra"]
[Source "ChessBase"]
[SourceDate "2006.01.03"]
[SourceVersion "2"]
[SourceVersionDate "2006.01.03"]
[SourceQuality "1"]

1. c4 c6 2. g3 Nf6 3. Bg2 d5 4. d4 e6 5. Nf3 Nbd7 6. 0-0 Bd6 7. cxd5 exd5 8. Nc3 Qe7 9. a3 0-0 10. b4 Re8 11. b5 Ne4 12. Nxe4 dxe4 13. Ng5 Nf6 14. bxc6 bxc6 15. f3 exf3 16. exf3 Ba6 17. Rf2 c5 18. Ne4 cxd4 19. Qa4 Nxe4 20. fxe4 Bb7 21. Bb2 Be5 22. Bxd4 Bc6 23. Qc4 Bxd4 24. Qxd4 Rad8 25. Qc4 Qe6 26. Qxe6 Rxe6 27. Rc1 Rde8 28. Bh3 Rd6 29. Bg2 Rde6 30. Re2 g6 31. Rf2 Bxe4 32. Bh3 R6e7 33. Bf1 Rd8 34. Re1 f5 35. g4 Kf7 36. Bc4+ Kf6 37. gxf5 gxf5 38. Ref1 Rg7+ 39. Rg2 Rxg2+ 0-1

[Event "Wch U12"]
[Site "Belfort"]
[Date "2005.07.23"]
[Round "5"]
[White "Pavlidis, Antonios"]
[Black "Coustance, Kevin"]
[Result "1-0"]
[WhiteElo "1989"]
[BlackElo "1599"]
[PlyCount "43"]
[EventDate "2005.07.19"]
[EventType "swiss"]
[EventRounds "11"]
[EventCountry "FRA"]
[SourceTitle "CBM 107 Extra"]
[Source "ChessBase"]
[SourceDate "2005.09.01"]
[SourceVersion "1"]
[SourceVersionDate "2005.09.01"]
[SourceQuality "1"]

1. e4 c5 2. Nf3 Nc6 3. Bb5 g6 4. Bxc6 bxc6 5. 0-0 Bg7 6. d3 e6 7. Nc3 d5 8. Bf4 Ne7 9. Qd2 Ba6 10. Bh6 0-0 11. h3 c4 12. Bxg7 Kxg7 13. d4 Rb8 14. Rab1 dxe4 15. Ng5 Nf5 16. Qf4 Nxd4 17. Rfd1 Rxb2 18. Rxb2 Ne2+ 19. Nxe2 Qxd1+ 20. Kh2 Qxe2 21. Rb8 e5 22. Ne6+ 1-0

[Event "FRA-ch U12"]
[Site "Calvi"]
[Date "2005.04.23"]
[Round "8"]
[White "Ane, Cedric"]
[Black "Coustance, Kevin"]
[Result "0-1"]
[WhiteElo "1620"]
[BlackElo "1840"]
[PlyCount "52"]
[EventDate "2005.04.??"]
[EventType "swiss"]
[EventRounds "9"]
[EventCountry "FRA"]
[SourceTitle "EXT 2006"]
[Source "ChessBase"]
[SourceDate "2005.11.24"]
[SourceVersion "1"]
[SourceVersionDate "2005.11.24"]
[SourceQuality "1"]

1. e4 c5 2. c3 d5 3. exd5 Qxd5 4. d4 Nf6 5. Nf3 Bg4 6. Qa4+ Nbd7 7. Bc4 Qe4+ 8. Be3 Bxf3 9. gxf3 Qxf3 10. Rg1 cxd4 11. cxd4 g6 12. Nd2 Qf5 13. Qb3 e6 14. Qxb7 Rb8 15. Qxa7 Bb4 16. b3 0-0 17. Ke2 Rfc8 18. Rac1 Bxd2 19. Kxd2 Ra8 20. Bd3 Qd5 21. Rxc8+ Rxc8 22. Qa4 Ra8 23. Qc4 Rxa2+ 24. Kc3 Qa5+ 25. b4 Qa3+ 26. Qb3 Nd5+ 0-1